МАРК-запис
| 000 -Лідер |
| fixed length control field |
02489nam a22002777a 4500 |
| 001 - Контрольний номер |
| control field |
40172 |
| 003 - Ідентифікатор контрольного номера |
| control field |
UA-OsUOA |
| 005 - Дата та час останнього входження (трансакції) |
| control field |
20260325143633.0 |
| 007 - Фіксоване поле фізичного опису |
| fixed length control field |
ta |
| 008 - Елементи даних фіксованої довжини – загальна інформація |
| fixed length control field |
20080602b un ||||| |||| 00| 0 ukr d |
| 020 ## - Міжнародний стандартний книжковий номер (ISBN) |
| Міжнародний стандартний книжковий номер (ISBN) (НП) |
9667873013 |
| 040 ## - Джерело каталогізації |
| Агенція оригінальної каталогізації |
UA-OsUOA |
| Мова каталогізації |
ukr |
| Агенція, яка здійснювала перезапис |
UA-OsUOA |
| Агенція, яка здійснювала модифікацію |
UA-OsUOA |
| 041 ## - Код мови |
| Код мови тексту/ звукової доріжки чи окремого заголовка (П) |
ukr |
| 080 ## - Індекс Універсальної десяткової класифікації |
| Індекс Універсальної десяткової класифікації (УДК) (НП) |
82-94 |
| 090 ## - Локальний шифр розміщення |
| Класифікаційний індекс УДК |
82-94 |
| Авторський знак (НП) |
Б61 |
| 245 ## - Відомості про назву |
| Назва (НП) |
Катерина Білокур очима сучасників |
| Решта назви (НП) |
спогади, есеї, розвідки з архіву художниці |
| Дані про відповідальність (НП) |
упоряд. Микола Кагарлицький |
| 260 ## - Публікація, розповсюдження і т.п. (Вихідні дані) |
| Місце публікації, розповсюдження і т.п. (П) |
К. |
| Ім’я/ наймення видавництва, розповсюджувача і т.п. (П) |
Томіріс |
| Дата публікації, розповсюдження і т.п. (П) |
2000 |
| 300 ## - Фізичний опис |
| Обсяг |
432 с. |
| Інші фізичні характеристики (НП) |
2 іл. вкл. |
| 520 ## - Резюме і т.п. |
| Резюме, реферат, анотація, тощо (НП) |
В книзі надруковані спогади, есеї, розвідки з архіву художниці. Спогади записав, упорядкував, листи опрацював, підготував, матеріали з архіву художниці прокоментував Микола Кагарлицький. Видавництво К. ТОМІРІС 2000 р. Сторінок 432. У книжці спогадами діляться визначні майстри пензля, різця, слова - М. Дерегус, Т. Яблонська, С. Кириченко, С. Григорєв, Н. Клейн, І Гончар, Д. Косарик, І. Білокур. В книзі є кольорові ілюстації картин Катерини Білокур та чорнобілі фото родини художниці. Обкладинка тверда. На ній зображено картина Катерина К.Білокур з синіми та жовтими квітами та зеленими листочками. По центру написана назва книги жовтим кольором.Ззаду обкладинки зображено білі та сині квіти по седині портрет художниці. |
| 650 #7 - Додаткове предметне введення – тематичний термін |
| Тематичний термін чи географічна назва, як елемент введення (НП) |
82-94 Історія як літературний жанр. Історичні твори. Історіографія. Хроніки. Аннали, літописи. Мемуари. Спогади. Щоденники. Біографії. Автобіографії |
| Джерело заголовка чи терміна |
UDC |
| 9 (RLIN) |
2061 |
| 700 1# - Додаткове введення – ім'я особи |
| Ім’я особи (НП) |
Кагарлицький М. |
| Термін відношення |
упоряд. |
| 9 (RLIN) |
24647 |
| 942 ## - Додаткові елементи входу (Коха) |
| Тип елемента Koha |
Книги |
| Source of classification or shelving scheme |
Universal Decimal Classification |
| 955 ## - Код типу видання за змістом |
| Код типу видання за змістом (НП) |
Літературно-художні видання |